000 00622nam a22002057a 4500
999 _c21186
_d21186
003 AR-CdUCM
008 190305b ||||| |||| 00| 0 spa d
020 _a9786120032671
040 _aMUNICIPALIDAD PROVINCIAL DEL CUSCO
_cBIBLIOTECA MUNICIPAL DEL CUSCO
082 _a869.56 / R81
_bR81
100 _aRomero Neira, María Fernanda
_944273
245 _aLo que Nasció para Scer ... /
260 _aCusco :
_bLucero,
_c2018.
300 _a168 páginas ;
_c20 cm.
500 _aVersos libres
650 _aLiteratos cusqueños
_944145
650 _aLiteratura cusqueña
_944274
942 _2ddc
_cLIBROS
945 _aRoel